000 00381nam a2200133Ia 4500
008 190216s9999||||xx |||||||||||||| ||und||
100 _aRastogi Rp And Srivastava. Vk
245 0 _aIntroduction To Quantum Mechanics Of Chemical Systems
250 _a1st Ed.
260 _bOxford And Ibh Publishing Co. Pvt Ltd
_c1986
300 _a238
650 _aChemistry-Chemistry
942 _cBK
999 _c2712
_d2712